| 000 | 00843nam a22002411c 4500 | ||
|---|---|---|---|
| 001 | a987692410 | ||
| 008 | 190821s2015 gw |||| 000u rus d | ||
| 020 |
_a9785905024245 _9978-5-905024-24-5 |
||
| 041 | _arus | ||
| 100 | 1 | _aPlechanov, Aleksandr Michajlovič | |
| 245 | 0 | 0 |
_aSoldaty nezrimych sraženij : _bvoennaja kontrrazvedka NKVD v načale Velikoj Otečestvennoj vojna 22 ijnja 1941 g. - 20 aprelja 1942 g. Istoričeskij očerk. |
| 264 |
_aMoskva : _bAkva-Term, _c2015 |
||
| 300 | _a448 Seiten | ||
| 610 | 0 | _aSowjetunion. Narodnyj komissariat vnutrennich del | |
| 650 | 0 | _aSpionageabwehr | |
| 650 | 0 | _aWeltkrieg <1939-1945> | |
| 700 | 1 |
_aPlechanov, Andrej Aleksandrovič _eVerfasserIn |
|
| 710 | 2 | _aSojuz veteranov gosbezopasnosti | |
| 942 | _cMG | ||
| 040 | _cRU-10907106 | ||
| 003 | RU-10907106 | ||
| 999 |
_c28956 _d28956 |
||
| 490 | 0 | _aSekretnye missii | |